000 00699nam a2200229Ia 4500
003 OSt
005 20220926021350.0
006 a|||||r|||| 00| 0
007 ta
008 220923b |||||||| |||| 00| 0 eng d
037 _cGeneral Book
040 _aRTL
_cRTL
_beng
041 _2eng
_aeng
082 _aV1N45,93:3(Y15).N80r, M0/UN
110 _aUNITED NATIONS
245 0 _aReport of the conference of the United Nations decade for women
_b Equality, development and peace.
260 _aNew York
_bUN
_c1980
300 _aviii,238p.
_ccm.
700 _aUNITED NATIONS
942 _hV1N45,93:3(Y15).N80r, M0/UN
_cGB
_2CC
999 _c636547
_d636547